路線名 一覧クイズ 宮崎県 - Statistics

General Stats
  • This quiz has been taken 48 times
  • The average score is 4 of 5
Answer Stats
事業者名 答え 区間 % Correct
JR九州 日豊本線 市棚~五十市
100%
JR九州 宮崎空港線 田吉~宮崎空港(全線)
95%
JR九州 日南線 南宮崎~福島高松
91%
JR九州 吉都線 都城~京町温泉
86%
JR九州 肥薩線 真幸
77%
No matching quizzes found
Score Distribution
Percent of People with Each Score
Percentile by Number Answered
Your Score History
You have not taken this quiz